El Quechua y el Aymara
Gardado en:
| Autor Principal: | |
|---|---|
| Formato: | Libro |
| Idioma: | Lingua castelá |
| Publicado: |
Madrid
Mapfre
1992
|
| Series: | Colección Lenguas y Literaturas Indigenas, 2
|
| Subjects: | |
| Tags: |
Engadir etiqueta
Sen Etiquetas, Sexa o primeiro en etiquetar este rexistro!
|
MARC
| LEADER | 00000nam a2200000 a 4500 | ||
|---|---|---|---|
| 001 | UCX6709 | ||
| 003 | CL-VaPUC | ||
| 008 | 930805e19920000SP |||||||||||||||||spa|d | ||
| 082 | 0 | 4 | |a 498.32 |b ORT |2 21 |
| 100 | |a Ortiz Rescaniere, Alejandro |e autor |9 447268 | ||
| 245 | 1 | 3 | |a El Quechua y el Aymara |
| 300 | |a 292 p | ||
| 942 | |c BK | ||
| 945 | |d 19930805 00:00:00 | ||
| 260 | |a Madrid |b Mapfre |c 1992 | ||
| 650 | 0 | |a Aimara |9 308309 | |
| 650 | 7 | |a QUECHUA |2 CL-VaPUC |9 316681 | |
| 583 | |a last modification |c 19930805 00:00:00 |k Rodrigo Vera | ||
| 490 | 0 | |a Colección Lenguas y Literaturas Indigenas, 2 | |
| 999 | |c 226689 |d 226687 | ||
| 952 | |0 0 |1 0 |4 0 |6 498_320000000000000_ORT_1992 |7 0 |8 A |9 225231 |a BIBHIS |b BIBHIS |d 2019-11-15 |i 293938K |o 498.32 ORT 1992 |p 293938K |r 2025-01-20 |w 2019-11-15 |y BK |k HIS | ||